|
|
|
|
| LEADER |
01502nam a2200409Ia 4500 |
| 001 |
EBC3572074 |
| 003 |
MiAaPQ |
| 005 |
20200520144314.0 |
| 006 |
m o d | |
| 007 |
cr cn||||||||| |
| 008 |
060307s2005 ne a sb 000 0 eng d |
| 020 |
|
|
|z 9076998671
|
| 020 |
|
|
|z 9789076998671
|
| 020 |
|
|
|z 9789086865642
|
| 035 |
|
|
|a (MiAaPQ)EBC3572074
|
| 035 |
|
|
|a (Au-PeEL)EBL3572074
|
| 035 |
|
|
|a (CaPaEBR)ebr10686824
|
| 035 |
|
|
|a (OCoLC)932327409
|
| 040 |
|
|
|a MiAaPQ
|c MiAaPQ
|d MiAaPQ
|
| 050 |
|
4 |
|a SF140.L65
|b A55 2005
|
| 245 |
0 |
0 |
|a Animal production and animal science worldwide
|h [electronic resource] /
|c edited by A. Rosati, A Tewolde and C. Mosconi.
|
| 260 |
|
|
|a Wageningen :
|b Wageningen Academic Pub.,
|c 2005.
|
| 300 |
|
|
|a 356 p. :
|b ill.
|
| 490 |
0 |
|
|a WAAP book of the year,
|x 1574-1125 ;
|v 2005
|
| 500 |
|
|
|a "World Association for Animal Production."
|
| 500 |
|
|
|a "A review on developments and research in livestock systems."
|
| 504 |
|
|
|a Includes bibliographical references.
|
| 533 |
|
|
|a Electronic reproduction. Ann Arbor, MI : ProQuest, 2016. Available via World Wide Web. Access may be limited to ProQuest affiliated libraries.
|
| 650 |
|
0 |
|a Animal industry.
|
| 650 |
|
0 |
|a Livestock.
|
| 650 |
|
0 |
|a Animal culture.
|
| 655 |
|
4 |
|a Electronic books.
|
| 700 |
1 |
|
|a Rosati, A.
|
| 700 |
1 |
|
|a Tewolde, Assefaw.
|
| 700 |
1 |
|
|a Mosconi, C.
|
| 710 |
2 |
|
|a ProQuest (Firm)
|
| 856 |
4 |
0 |
|u https://ebookcentral.proquest.com/lib/matrademy/detail.action?docID=3572074
|z Click to View
|